000 01603nam0a2200289 i 4500
001 RU\NLR\BIBL_A\011296485
005 20240921193524.0
010 _a9785209075295
_9300
021 _aRU
_b2016-91935
_96067
035 _a(NLR Aleph) 011296485
090 _a10953068
_c10953068
100 _a20161221d2016 k y0rusy50 ca
101 0 _arus
102 _aRU
105 _ay j 000zy
200 1 _aПсихотерапия в системе лечения и реабилитации наркологических больных
_eучебно-методическое пособие
_e[для студентов медицинского института специальности "Лечебное дело"]
_fИ. В. Белокрылов
_gФедер. гос. автоном. образоват. учреждение высш. образования "Рос. ун-т дружбы народов", Мед. ин-т, Каф. психиатрии и мед. психологии
210 _aМосква
_cРоссийский университет дружбы народов
_d2016
215 _a54 с.
_d20
320 _aБиблиогр.: с. 53-54 (20 назв.)
606 1 _aНаркомания
_jУчебно-методические пособия для высших учебных заведений
_xПсихотерапия
_91735236
_3RU\NLR\AUTH\66775947
686 1 _aР645.1-571я73
686 1 _aР11(2)283.5я73
700 1 _aБелокрылов
_bИ. В.
_gИгорь Владленович
942 _cBOOK
980 _aNBR